| 000 -LEADER |
| fixed length control field |
00435cam a22001217a 4500 |
| 008 - FIXED-LENGTH DATA ELEMENTS--GENERAL INFORMATION |
| fixed length control field |
180718b1971 xxu||||| |||| 00| 0 eng d |
| 082 ## - DEWEY DECIMAL CLASSIFICATION NUMBER |
| Classification number |
XA94068x42 Un3t |
| 100 ## - MAIN ENTRY--PERSONAL NAME |
| Personal name |
Howe, J.R. |
| 245 ## - TITLE STATEMENT |
| Title |
Two parent families: a study of their resources and needs in 1968, 1969 and 1970 |
| Statement of responsibility, etc. |
by J.R. Howe |
| 260 ## - PUBLICATION, DISTRIBUTION, ETC. |
| Place of publication, distribution, etc. |
London |
| Name of publisher, distributor, etc. |
Her Majesty's Stationery Office |
| Date of publication, distribution, etc. |
1971 |
| 300 ## - PHYSICAL DESCRIPTION |
| Extent |
18+p. |
| 700 ## - ADDED ENTRY--PERSONAL NAME |
| Personal name |
United Kingdom.Department of Health and Social Security |